<?xml version="1.0" encoding="UTF-8"?>
<record
    xmlns:xsi="http://www.w3.org/2001/XMLSchema-instance"
    xsi:schemaLocation="http://www.loc.gov/MARC21/slim http://www.loc.gov/standards/marcxml/schema/MARC21slim.xsd"
    xmlns="http://www.loc.gov/MARC21/slim">

  <leader>01611nam a22002897a 4500</leader>
  <controlfield tag="001">1336</controlfield>
  <controlfield tag="005">20230818080448.0</controlfield>
  <controlfield tag="008">230818b        cb ||||| |||| 00| 0 khr d</controlfield>
  <datafield tag="020" ind1=" " ind2=" ">
    <subfield code="a">9789995054144</subfield>
  </datafield>
  <datafield tag="040" ind1=" " ind2=" ">
    <subfield code="a">FISKH</subfield>
    <subfield code="b">eng</subfield>
    <subfield code="c">FISKH</subfield>
    <subfield code="d">FISKH</subfield>
  </datafield>
  <datafield tag="082" ind1=" " ind2=" ">
    <subfield code="a">398.20952</subfield>
  </datafield>
  <datafield tag="100" ind1=" " ind2=" ">
    <subfield code="a">Sodany, Ouch</subfield>
  </datafield>
  <datafield tag="245" ind1=" " ind2=" ">
    <subfield code="a">&#x17A2;&#x17CA;&#x17B8;&#x179F;&#x17CA;&#x17BB;&#x1793;&#x1794;&#x17BC;&#x179F;&#x17CA;&#x17B8; /   </subfield>
    <subfield code="b">&#x179A;&#x17BF;&#x1784;&#x1796;&#x17D2;&#x179A;&#x17C1;&#x1784;&#x1787;&#x1794;&#x17C9;&#x17BB;&#x1793; :</subfield>
    <subfield code="c">&#x1782;&#x17BC;&#x179A;&#x179A;&#x17BC;&#x1794;&#x178A;&#x17C4;&#x1799; Isabelle Calin</subfield>
  </datafield>
  <datafield tag="250" ind1=" " ind2=" ">
    <subfield code="a">&#x1794;&#x17C4;&#x17C7;&#x1796;&#x17BB;&#x1798;&#x17D2;&#x1796;&#x179B;&#x17BE;&#x1780;&#x1791;&#x17B8;&#x17E8; &#x1781;&#x17C2;&#x179C;&#x17B7;&#x1785;&#x17D2;&#x1786;&#x17B7;&#x1780;&#x17B6; &#x1786;&#x17D2;&#x1793;&#x17B6;&#x17C6; &#x17E2;&#x17E0;&#x17E2;&#x17E1; </subfield>
  </datafield>
  <datafield tag="260" ind1=" " ind2=" ">
    <subfield code="a">Phnom Penh : </subfield>
    <subfield code="b">Sipar, </subfield>
    <subfield code="c">2021. </subfield>
  </datafield>
  <datafield tag="300" ind1=" " ind2=" ">
    <subfield code="a">28 pages : </subfield>
    <subfield code="b">color illustrations ; </subfield>
    <subfield code="c">24 cm </subfield>
  </datafield>
  <datafield tag="490" ind1=" " ind2=" ">
    <subfield code="a">&#x1781;&#x17D2;&#x1789;&#x17BB;&#x17C6;&#x1785;&#x1784;&#x17CB;&#x17A2;&#x17B6;&#x1793; </subfield>
  </datafield>
  <datafield tag="505" ind1=" " ind2=" ">
    <subfield code="a">P
</subfield>
  </datafield>
  <datafield tag="520" ind1=" " ind2=" ">
    <subfield code="a">&#x1793;&#x17C5;&#x1787;&#x17C6;&#x1793;&#x17B6;&#x1793;&#x17CB;&#x179F;&#x17B6;&#x1798;&#x17BC;&#x179A;&#x17C9;&#x17C3; &#x1798;&#x17B6;&#x1793;&#x1799;&#x17BB;&#x179C;&#x1787;&#x1793;&#x1787;&#x1794;&#x17C9;&#x17BB;&#x1793;&#x1798;&#x17D2;&#x1793;&#x17B6;&#x1780;&#x17CB;&#x1788;&#x17D2;&#x1798;&#x17C4;&#x17C7; &#x17A2;&#x17CA;&#x17B8;&#x179F;&#x17CA;&#x17BB;&#x1793;&#x1794;&#x17BC;&#x179F;&#x17CA;&#x17B8;&#x17D4; &#x1782;&#x17C1;&#x1798;&#x17B6;&#x1793;&#x1780;&#x1798;&#x17D2;&#x1796;&#x179F;&#x17CB;&#x1798;&#x17B7;&#x1793;&#x1781;&#x17D2;&#x1796;&#x179F;&#x17CB;&#x1787;&#x17B6;&#x1784;&#x1798;&#x17C1;&#x178A;&#x17C3;&#x17A1;&#x17BE;&#x1799; &#x1794;&#x17C9;&#x17BB;&#x1793;&#x17D2;&#x178F;&#x17C2;&#x1782;&#x17C1;&#x1794;&#x17B6;&#x1793;&#x1794;&#x17D2;&#x179A;&#x1788;&#x1798;&#x1793;&#x17B9;&#x1784;&#x1782;&#x17D2;&#x179A;&#x17C4;&#x17C7;&#x1790;&#x17D2;&#x1793;&#x17B6;&#x1780;&#x17CB;&#x1787;&#x17B6;&#x1785;&#x17D2;&#x179A;&#x17BE;&#x1793;&#x17D4; </subfield>
  </datafield>
  <datafield tag="520" ind1=" " ind2=" ">
    <subfield code="a">In the samurai era, there was a young Japanese man named Isunbosi. He was no taller than his thumb, but he faced many dangers.</subfield>
    <subfield code="u"> </subfield>
  </datafield>
  <datafield tag="521" ind1=" " ind2=" ">
    <subfield code="a">650
</subfield>
    <subfield code="b">Lexile estimate 
</subfield>
  </datafield>
  <datafield tag="521" ind1=" " ind2=" ">
    <subfield code="a">P
</subfield>
    <subfield code="b">Raz-Plus 
</subfield>
  </datafield>
  <datafield tag="650" ind1=" " ind2=" ">
    <subfield code="a">&#x1787;&#x17C6;&#x1793;&#x17B6;&#x1793;&#x17CB;&#x179F;&#x17B6;&#x1798;&#x17BC;&#x179A;&#x17C9;&#x17C3;   </subfield>
    <subfield code="v">&#x1794;&#x17C9;&#x17B7;&#x1793;&#x1798;&#x17C1;&#x178A;&#x17C3;</subfield>
    <subfield code="x">&#x1794;&#x17D2;&#x179A;&#x1788;&#x1798;&#x1798;&#x17BB;&#x1781;</subfield>
    <subfield code="y">&#x1782;&#x17D2;&#x179A;&#x17C4;&#x17C7;&#x1790;&#x17D2;&#x1793;&#x17B6;&#x1780;&#x17CB; </subfield>
  </datafield>
  <datafield tag="650" ind1=" " ind2=" ">
    <subfield code="a">Samurai era </subfield>
    <subfield code="v">As small as thumb  </subfield>
    <subfield code="x">Face </subfield>
    <subfield code="y">Dangers</subfield>
  </datafield>
  <datafield tag="700" ind1=" " ind2=" ">
    <subfield code="a">Calin, Isabelle </subfield>
    <subfield code="c">illustrator </subfield>
  </datafield>
  <datafield tag="942" ind1=" " ind2=" ">
    <subfield code="2">ddc</subfield>
    <subfield code="c">BK</subfield>
    <subfield code="n">0</subfield>
  </datafield>
  <datafield tag="999" ind1=" " ind2=" ">
    <subfield code="c">1336</subfield>
    <subfield code="d">1336</subfield>
  </datafield>
  <datafield tag="952" ind1=" " ind2=" ">
    <subfield code="0">0</subfield>
    <subfield code="1">0</subfield>
    <subfield code="2">ddc</subfield>
    <subfield code="4">0</subfield>
    <subfield code="7">0</subfield>
    <subfield code="8">KH</subfield>
    <subfield code="a">001</subfield>
    <subfield code="b">001</subfield>
    <subfield code="c">KHRS</subfield>
    <subfield code="d">2023-08-18</subfield>
    <subfield code="l">0</subfield>
    <subfield code="o">DAN 398.20952</subfield>
    <subfield code="p">2023-0285</subfield>
    <subfield code="r">2023-08-18 08:04:36</subfield>
    <subfield code="t">1</subfield>
    <subfield code="w">2023-08-18</subfield>
    <subfield code="y">KHB</subfield>
  </datafield>
  <datafield tag="952" ind1=" " ind2=" ">
    <subfield code="0">0</subfield>
    <subfield code="1">0</subfield>
    <subfield code="2">ddc</subfield>
    <subfield code="4">0</subfield>
    <subfield code="7">0</subfield>
    <subfield code="8">KH</subfield>
    <subfield code="a">001</subfield>
    <subfield code="b">001</subfield>
    <subfield code="c">KHRS</subfield>
    <subfield code="d">2023-08-18</subfield>
    <subfield code="l">0</subfield>
    <subfield code="o">DAN 398.20952</subfield>
    <subfield code="p">2023-0286</subfield>
    <subfield code="r">2023-08-18 08:04:46</subfield>
    <subfield code="t">2</subfield>
    <subfield code="w">2023-08-18</subfield>
    <subfield code="y">KHB</subfield>
  </datafield>
  <datafield tag="952" ind1=" " ind2=" ">
    <subfield code="0">0</subfield>
    <subfield code="1">0</subfield>
    <subfield code="2">ddc</subfield>
    <subfield code="4">0</subfield>
    <subfield code="7">0</subfield>
    <subfield code="8">KH</subfield>
    <subfield code="a">001</subfield>
    <subfield code="b">001</subfield>
    <subfield code="c">OKHR</subfield>
    <subfield code="d">2024-06-27</subfield>
    <subfield code="l">0</subfield>
    <subfield code="o">DAN 398.20952</subfield>
    <subfield code="p">FISTKG3A024</subfield>
    <subfield code="r">2024-06-27 09:41:06</subfield>
    <subfield code="t">3</subfield>
    <subfield code="w">2024-06-27</subfield>
    <subfield code="y">KHB</subfield>
  </datafield>
  <datafield tag="952" ind1=" " ind2=" ">
    <subfield code="0">0</subfield>
    <subfield code="1">0</subfield>
    <subfield code="2">ddc</subfield>
    <subfield code="4">0</subfield>
    <subfield code="7">0</subfield>
    <subfield code="8">KH</subfield>
    <subfield code="a">001</subfield>
    <subfield code="b">001</subfield>
    <subfield code="c">OKHR</subfield>
    <subfield code="d">2024-06-27</subfield>
    <subfield code="l">0</subfield>
    <subfield code="o">DAN 398.20952</subfield>
    <subfield code="p">FISTKG4A076</subfield>
    <subfield code="r">2024-06-27 11:24:42</subfield>
    <subfield code="t">4</subfield>
    <subfield code="w">2024-06-27</subfield>
    <subfield code="y">KHB</subfield>
  </datafield>
  <datafield tag="952" ind1=" " ind2=" ">
    <subfield code="0">0</subfield>
    <subfield code="1">0</subfield>
    <subfield code="2">ddc</subfield>
    <subfield code="4">0</subfield>
    <subfield code="7">0</subfield>
    <subfield code="8">KH</subfield>
    <subfield code="a">002</subfield>
    <subfield code="b">002</subfield>
    <subfield code="c">TTP Khmer</subfield>
    <subfield code="d">2025-09-16</subfield>
    <subfield code="l">0</subfield>
    <subfield code="o">DAN 398.20952</subfield>
    <subfield code="p">FISBK072177</subfield>
    <subfield code="r">2025-09-16 10:06:11</subfield>
    <subfield code="t">5</subfield>
    <subfield code="w">2025-09-16</subfield>
    <subfield code="y">KHB</subfield>
  </datafield>
  <datafield tag="952" ind1=" " ind2=" ">
    <subfield code="0">0</subfield>
    <subfield code="1">0</subfield>
    <subfield code="2">ddc</subfield>
    <subfield code="4">0</subfield>
    <subfield code="7">0</subfield>
    <subfield code="8">KH</subfield>
    <subfield code="a">002</subfield>
    <subfield code="b">002</subfield>
    <subfield code="c">TTP Khmer</subfield>
    <subfield code="d">2025-10-23</subfield>
    <subfield code="l">0</subfield>
    <subfield code="o">DAN 398.20952</subfield>
    <subfield code="p">FISBK03852</subfield>
    <subfield code="r">2025-10-23 14:44:00</subfield>
    <subfield code="t">6</subfield>
    <subfield code="w">2025-10-23</subfield>
    <subfield code="y">KHB</subfield>
  </datafield>
  <datafield tag="952" ind1=" " ind2=" ">
    <subfield code="0">0</subfield>
    <subfield code="1">0</subfield>
    <subfield code="2">ddc</subfield>
    <subfield code="4">0</subfield>
    <subfield code="7">0</subfield>
    <subfield code="8">KH</subfield>
    <subfield code="a">002</subfield>
    <subfield code="b">002</subfield>
    <subfield code="c">TTP Khmer</subfield>
    <subfield code="d">2025-11-21</subfield>
    <subfield code="l">0</subfield>
    <subfield code="o">DAN 398.20952</subfield>
    <subfield code="p">2025-4851</subfield>
    <subfield code="r">2025-11-21 09:01:04</subfield>
    <subfield code="t">7</subfield>
    <subfield code="w">2025-11-21</subfield>
    <subfield code="y">KHB</subfield>
  </datafield>
  <datafield tag="952" ind1=" " ind2=" ">
    <subfield code="0">0</subfield>
    <subfield code="1">0</subfield>
    <subfield code="2">ddc</subfield>
    <subfield code="4">0</subfield>
    <subfield code="7">0</subfield>
    <subfield code="8">KH</subfield>
    <subfield code="a">002</subfield>
    <subfield code="b">002</subfield>
    <subfield code="c">TTP Khmer</subfield>
    <subfield code="d">2025-11-27</subfield>
    <subfield code="l">0</subfield>
    <subfield code="o">DAN 398.20952</subfield>
    <subfield code="p">2025-4964</subfield>
    <subfield code="r">2025-11-27 12:41:58</subfield>
    <subfield code="t">8</subfield>
    <subfield code="w">2025-11-27</subfield>
    <subfield code="y">KHB</subfield>
  </datafield>
  <datafield tag="952" ind1=" " ind2=" ">
    <subfield code="0">0</subfield>
    <subfield code="1">0</subfield>
    <subfield code="2">ddc</subfield>
    <subfield code="4">0</subfield>
    <subfield code="7">0</subfield>
    <subfield code="8">KH</subfield>
    <subfield code="a">002</subfield>
    <subfield code="b">002</subfield>
    <subfield code="c">TTP Khmer</subfield>
    <subfield code="d">2026-03-26</subfield>
    <subfield code="l">0</subfield>
    <subfield code="o">DAN 398.20952</subfield>
    <subfield code="p">2026-0379</subfield>
    <subfield code="r">2026-03-26 16:29:21</subfield>
    <subfield code="t">9</subfield>
    <subfield code="w">2026-03-26</subfield>
    <subfield code="y">KHB</subfield>
  </datafield>
</record>
